Leadership India : (Record no. 55604)

MARC details
000 -LEADER
fixed length control field 00970nam a22002777a 4500
005 - DATE AND TIME OF LATEST TRANSACTION
control field 20110818135629.0
008 - FIXED-LENGTH DATA ELEMENTS--GENERAL INFORMATION
fixed length control field 110818t xxu||||| |||| 00| 0 eng d
010 ## - LCCN (DPL NO)
LC control number ENG-103421
020 ## - INTERNATIONAL STANDARD BOOK NUMBER
International Standard Book Number 9780071078153
Terms of availability 1300.00
020 ## - INTERNATIONAL STANDARD BOOK NUMBER
International Standard Book Number 0071078150
Terms of availability 1300.00
035 ## - SYSTEM CONTROL NUMBER
System control number EN-86954
037 ## - SOURCE OF ACQUISITION
Source of stock number/acquisition DBAD/PUB
040 ## - CATALOGING SOURCE
Original cataloging agency DPL
Language of cataloging English
082 ## - DEWEY DECIMAL CLASSIFICATION NUMBER
Classification number 303.34
100 ## - MAIN ENTRY--PERSONAL NAME
9 (RLIN) 32824
Personal name Chatterjee, Bhaskar
245 ## - TITLE STATEMENT
Title Leadership India :
Statement of responsibility, etc by Bhaskar Chatterjee [and] Saugata Mitra
Remainder of title leading change, changing lives /
260 ## - PUBLICATION, DISTRIBUTION, ETC. (IMPRINT)
Place of publication, distribution, etc New Delhi
Name of publisher, distributor, etc Tata McGraw Hill
Date of publication, distribution, etc 2011
270 ## - ADDRESS
Address 7, West Patel Nagar
City New Delhi
Postal code 110008
300 ## - PHYSICAL DESCRIPTION
Extent 180p. :
Dimensions 28cm (Hb)
Other physical details col. ill.
500 ## - GENERAL NOTE
General note Includes index
650 ## - SUBJECT ADDED ENTRY--TOPICAL TERM
9 (RLIN) 33042
700 ## - ADDED ENTRY--PERSONAL NAME
9 (RLIN) 32825
Personal name Mitra, Saugata
700 ## - ADDED ENTRY--PERSONAL NAME
9 (RLIN) 33040
942 ## - ADDED ENTRY ELEMENTS (KOHA)
Source of classification or shelving scheme Dewey Decimal Classification
Item type English Books
Classification part 303.34
Call number suffix CHA
Holdings
Withdrawn status Lost status Source of classification or shelving scheme Damaged status Not for loan Collection code Home library Current library Date acquired Source of acquisition Cost, normal purchase price Total Checkouts Full call number Barcode Date last seen Copy number Cost, replacement price Koha item type
    Dewey Decimal Classification   Not For Loan Non-fiction D.B.Act.Division D.B.Act.Division 18/08/2011 DBAD/PUB 1300.00   303.34 DOE EN-86954 18/08/2011 1 1300.00 English Books

© Delhi Public Library
Hit Counter
free hit counter